000 00865cam a2200265 a 4500
001 000007730
005 20250129102228.0
008 930209s1992 sp 000 0 spa
010 _a 93113334
020 _a8401494079 (v. 69/27):
_c650 ptas.
020 _a8401490693 (Col. Jet)
040 _aDO-SdBNP
_cDLC
_dDLC
043 _apogg---
_acl-----
082 _a863.64
_bV999v, 1992
100 1 _aVázquez-Figueroa, Alberto.
_d1936-
_921403
245 1 0 _aViaje al fin del mundo: Galápagos /
_cAlberto Vázquez-Figueroa.
250 _a3a ed.
260 _aBarcelona :
_bPlaza & Janés Editores,
_c1992.
300 _a188 p. ;
_c18 cm.
490 1 _aLos Jet de Plaza y Janés
_v69/27
650 4 _aNovela española
_91123
650 4 _aLiteratura española
_9632
830 0 _aLos Jet de Plaza y Janés
_v69/27
_913394
910 _aCatalogación por copia / LC
999 _c7508
_d7508